|
|
|
|
| LEADER |
00605nam a2200181 a 4500 |
| 001 |
000641655 |
| 003 |
CZ BrMZK |
| 005 |
20030331094317.0 |
| 008 |
021211s1900 xr f cze d |
| 040 |
|
|
|a BOA001
|b cze
|c BOA001
|
| 100 |
1 |
|
|a Pantoflíček, Jaroslav,
|d 1875-1951
|7 jk01091665
|4 aut
|
| 245 |
1 |
0 |
|a Logarithmické Pravítko a jeho upotřebení /
|c přednášel Jaroslav Pantoflíček
|
| 260 |
|
|
|a V Praze :
|b A. Fischer,
|c 1900
|
| 300 |
|
|
|a 32 s.
|
| 910 |
|
|
|a BOA001
|b X2-0736.647
|
| 990 |
|
|
|a BK
|
| 993 |
|
|
|a Y
|
| 996 |
6 |
|
|b 2619305801
|c X2-0736.647
|l MZK
|r Sklad / do 24 hodin
|n 2
|w 000641655
|u 000010
|a 1
|e BOA001
|j MZK50
|s P
|